000 00208nam a22000857a 4500
008 161210b xxu||||| |||| 00| 0 eng d
100 _91979
_aCBSE
245 _aAPC Digest English-IX
260 _aNew Delhi
_bAPH
_c2011
999 _c4786
_d4786